Normal view
MARC view
- Baxter, John F, Luke E. Steiner
Entry Personal Name
001 - CONTROL NUMBER
- control field: 40106
003 - CONTROL NUMBER IDENTIFIER
- control field: NUST
005 - DATE AND TIME OF LATEST TRANSACTION
- control field: 20210314131651.0
008 - FIXED-LENGTH DATA ELEMENTS
- fixed length control field: 210314|| aca||aabn | a|a d
040 ## - CATALOGING SOURCE
- Original cataloging agency: NUST
- Transcribing agency: NUST
100 ## - HEADING--PERSONAL NAME
- Personal name: Baxter, John F, Luke E. Steiner
670 ## - SOURCE DATA FOUND
- Source citation: Work cat.: (NUST): Baxter, John F, Luke E. Steiner., Modern chemistry., 1959
